000 00567nam a2200181Ia 4500
003 GCL
008 140319s9999 xx 000 0 ara d
040 _aGCL /
_cGCL
082 0 4 _a001.6424
_bف ت
100 1 _aفيبل، ورنر
245 1 0 _aتربو باسكال: الدليل الكامل /
_cفيبل، ورنر
700 1 _aياسر نهاد العقاد
300 _a570
490 _aسلسلة لغات باسكال الحديثة
_v0
650 0 4 _aالباسكال
650 0 4 _aبرامج الحاسبات الالكترونية
942 _2ddc
_cBK
999 _c51663
_d51663